000 nam a22 a 4500
999 _c433747
_d433747
003 BLK
005 20220816095621.0
008 180411b bul|||||r ||||||| ||bul||
020 _a9789540751887
040 _aBLK
041 _aBUL
_cBUL
080 _aТелевизия - като средство за комуникация
_b075.2
_z075.2
080 _aОнлайн социална мрежа. Социални медии Вж и 004.773.8
_b077.5
_z077.5
100 _91299
_aВасилева, Мая Димитрова
_eпърви автор
139 _aВасилева, Мая Димитрова
_bВ 24
245 _aЕрата на вечерното токшоу
_bПродуциране на вечерно токшоу за онлайн платформи : Монография
_cМая Василева ; науч. ред. Иванка Мавродиева
257 _aBGR
260 _aСофия
_bУнив. изд. Климент Охридски
_c2021
_9216359
_n954-07-
300 _a270 с.
_c20 см
_bс табл., с диагр.
380 _a0
500 _aБиогр. данни за авт. отбелязани на гърба на кор. - Рец.: Милко Петров, Теодора Петрова. - Рез. на англ. ез.
504 _aБиблиогр.: с. 254-263
650 4 _aТелевизия, художествена
_9301206
653 _aтелевизия
700 _aМавродиева-Георгиева, Иванка Тодорова
_eнауч. ред.
_9695
852 _aЦб 309301
_bЦб
852 _bИП
_c0/В 24 М
942 _cKNG
_n0
_s1
944 _aCR
_c2021-10-13
_kВ. Т.